[Event "ESP-chT Regional U16"]
[Site "Gijon"]
[Date "2021.06.20"]
[Round "6.2"]
[White "Macias Pino, Diego"]
[Black "Ruiz Torrente, Pablo"]
[Result "1-0"]
[WhiteElo "2225"]
[BlackElo "1601"]
[PlyCount "67"]
[EventDate "2021.06.17"]
[EventType "team-swiss"]
[EventRounds "6"]
[EventCountry "ESP"]
[SourceTitle "EXT 2022"]
[Source "ChessBase"]
[SourceDate "2021.10.06"]
[SourceVersion "1"]
[SourceVersionDate "2021.10.06"]
[SourceQuality "1"]
[WhiteTeam "Valencia U16"]
[BlackTeam "Castilla La Mancha U16"]
[WhiteTeamCountry "ESP"]
[BlackTeamCountry "ESP"]

1. e4 e6 2. d4 d5 3. Nd2 c5 4. exd5 Qxd5 5. dxc5 Nf6 6. Ngf3 Qxc5 7. a3 Qc7 8. Bd3 Be7 9. 0-0 0-0 10. c4 Rd8 11. Qe2 Nbd7 12. b3 b6 13. Bb2 Bb7 14. Rad1 Rac8 15. Rfe1 Bd6 16. Bb1 Qc5 17. h3 Bb8 18. b4 Qh5 19. Bd3 e5 20. Qe3 Re8 21. Ng5 h6 22. Nge4 Nxe4 23. Nxe4 Nf8 24. c5 Ne6 25. Nd6 Bxd6 26. cxd6 Red8 27. Qxe5 Qh4 28. Bf5 Qg5 29. g3 Kf8 30. d7 Rc6 31. h4 Qh5 32. Be4 Qxe5 33. Bxe5 Ke7 34. b5 1-0

[Event "ESP-chT Regional U16"]
[Site "Gijon"]
[Date "2021.06.17"]
[Round "1.2"]
[White "Moll Gener, Joan"]
[Black "Ruiz Torrente, Pablo"]
[Result "1/2-1/2"]
[WhiteElo "2082"]
[BlackElo "1601"]
[PlyCount "94"]
[EventDate "2021.06.17"]
[EventType "team-swiss"]
[EventRounds "6"]
[EventCountry "ESP"]
[SourceTitle "EXT 2022"]
[Source "ChessBase"]
[SourceDate "2021.10.06"]
[SourceVersion "1"]
[SourceVersionDate "2021.10.06"]
[SourceQuality "1"]
[WhiteTeam "Baleares U16"]
[BlackTeam "Castilla La Mancha U16"]
[WhiteTeamCountry "ESP"]
[BlackTeamCountry "ESP"]

1. e4 d5 2. exd5 Qxd5 3. Nc3 Qa5 4. d4 Nf6 5. Nf3 Bg4 6. h3 Bh5 7. g4 Bg6 8. Ne5 e6 9. Bg2 c6 10. h4 Nbd7 11. Nxd7 Kxd7 12. Bd2 h6 13. d5 exd5 14. Nxd5 Re8+ 15. Ne3 Qe5 16. Bc3+ Qd6 17. Qxd6+ Bxd6 18. 0-0-0 Kc7 19. Bd4 Bf4 20. Bf3 Ne4 21. Bxe4 Bxe4 22. Rhg1 Bf3 23. Rde1 f6 24. Kb1 Re4 25. Nf5 Rhe8 26. Rxe4 Rxe4 27. c3 Bh2 28. Rf1 Rxg4 29. Ka1 Be4 30. f3 Rf4 31. Nxg7 Rxf3 32. Rxf3 Bxf3 33. Bxf6 Bg4 34. Kb1 Kd7 35. Kc2 Bd6 36. Kd3 Bf8 37. Kd4 h5 38. Ke5 Bxg7 39. Bxg7 b6 40. Kd4 Be6 41. c4 Bf7 42. a3 c5+ 43. Kc3 a5 44. b3 Kc6 45. Bf6 Be6 46. Bd8 Bf5 47. Kd2 Bg6 1/2-1/2